| 000 | 00612nam a2200193Ia 4500 | ||
|---|---|---|---|
| 005 | 20221220141945.0 | ||
| 008 | 131103s9999 xx 000 0 und d | ||
| 040 | _aLoreto College | ||
| 041 | _aEnglish | ||
| 082 |
_a822.08 _bMOR |
||
| 245 |
_aFour English comedies of the 17th and 18th centuries _b 'Volpone', 'The Way of the world', 'She stoops to conquer', 'The for scandal' _cedited by J. M. Morrell |
||
| 260 |
_aHamondsworth _bPenguin Books _c1960 |
||
| 300 | _a414 p. | ||
| 650 | _aEnglish Drama | ||
| 651 | _aComedy - Collections | ||
| 700 | _aMorrell, J. M., ed. | ||
| 850 | _aLCLIB | ||
| 942 | _cBK | ||
| 999 |
_c6642 _d57121 |
||